000 01027nam a22003257a 4500
001 BR2012004267
003 BR-BrBNA
005 20230928104006.0
007 ta
008 230509b bl.||||| |||| 00| 0 por d
040 _aBR-BrBNA
_bpor
_cBiblioteca Nacional de Agricultura
041 _a(Por)
072 _aK50
_b3250
090 _ 3250 BR2012004267
100 1 _aRios, P.D.
110 1 _aUniversidade Federal de Lavras, MG (Brasil)
_0Tese (Doutorado)
245 1 _aEstrutura anatômica e caracterização química da cortiça de árvores de Kielmeyera coriacea Mart. (Pau-Santo)
260 3 _aLavras, MG (Brasil):
_c2011.
300 _a139 p.
500 _aSummaries (Eng, Por); Several bibliography; 10 tables; 22 illus.
650 _aPAU SANTO
650 _aKIELMEYERA CORIACEAE
650 _aCORTIÇA
650 _aCARACTERÍSTICAS AGRONÔMICAS
650 _aANATOMIA VEGETAL
650 _aANÁLISE QUÍMICA
650 _aMODELO MATEMÁTICO
909 _a202309
_bLucia
_c55
_dLucia Elande
942 _cBK
999 _c77588
_d77588